The pulpit commentary / (Record no. 6189)

MARC details
000 -LEADER
fixed length control field 01572cam a2200277Ia 4500
001 - CONTROL NUMBER
control field 5353
003 - CONTROL NUMBER IDENTIFIER
control field GBCCL
005 - DATE AND TIME OF LATEST TRANSACTION
control field 20241126110558.0
006 - FIXED-LENGTH DATA ELEMENTS--ADDITIONAL MATERIAL CHARACTERISTICS
fixed length control field a 000 0
008 - FIXED-LENGTH DATA ELEMENTS--GENERAL INFORMATION
fixed length control field 770628s1950 miu 00000 eng u
035 ## - SYSTEM CONTROL NUMBER
System control number OCM03079912 830521
040 ## - CATALOGING SOURCE
Transcribing agency MOE
Modifying agency m.c.
-- LBB
049 ## -
-- LBBK
082 ## - DEWEY DECIMAL CLASSIFICATION NUMBER
Classification number 220.77
Item number PUL
090 ## - LOCALLY ASSIGNED LC-TYPE CALL NUMBER (OCLC); LOCAL CALL NUMBER (RLIN)
Classification number (OCLC) (R) ; Classification number, CALL (RLIN) (NR) BS491
Local cutter number (OCLC) ; Book number/undivided call number, CALL (RLIN) .S77 1950
092 ## - LOCALLY ASSIGNED DEWEY CALL NUMBER (OCLC)
Classification number 220.07
Item number S744
100 1# - MAIN ENTRY--PERSONAL NAME
Personal name Spence-Jones, H. D. M.
Fuller form of name (Henry Donald Maurice),
Dates associated with a name 1836-1917,
Relator term ed.
9 (RLIN) 11124
245 14 - TITLE STATEMENT
Title The pulpit commentary /
Statement of responsibility, etc. edited by H. D. M. Spence and by Joseph S. Exell.
260 ## - PUBLICATION, DISTRIBUTION, ETC.
Place of publication, distribution, etc. Grand Rapids, Mich. :
Name of publisher, distributor, etc. Wm. B. Eerdmans Pub. Co.,
Date of publication, distribution, etc. 1950.
300 ## - PHYSICAL DESCRIPTION
Extent 23 v. ;
Dimensions 24 cm.
505 0# - FORMATTED CONTENTS NOTE
Formatted contents note [I] Genesis. Exodus -- [II] Leviticus. Numbers -- [III] Deuteronomy. Joshua. Judges -- [IV] Ruth. I Samuel. II Samuel -- [V] I Kings. II Kings -- [VI] I Chronicles. II Chronicles -- [VII] Ezra. Nehemiah. Esther. Job -- [VIII] Psalms -- [IX] Proverbs. Ecclesiastes. Song of Solomon -- [X] Isaiah -- [XI] Jeremiah. Lamentations -- [XII] Ezekiel -- [XIII] Daniel. Hosea. Joel -- [XIV] Amos to Malachi -- [XV] Matthew -- [XVI] Mark. Luke -- [XVII] Gospel of John -- [XVIII] Acts. Romans -- [XIX] Corinthians -- [XX] Galatians. Ephesians. Philippians. Colossians -- [XXI] Thessalonians. Timothy. Titus. Philemon. Hebrews. James -- [XXII] Epistles of Peter, John, Jude, The Revelation -- [XXIII] General Index.
630 00 - SUBJECT ADDED ENTRY--UNIFORM TITLE
Uniform title Bible
General subdivision Commentaries.
9 (RLIN) 1243
700 1# - ADDED ENTRY--PERSONAL NAME
Personal name Exelll, Joseph S.
Fuller form of name (Joseph Samuel),
Dates associated with a name 1849- .
9 (RLIN) 1244
700 1# - ADDED ENTRY--PERSONAL NAME
Personal name Deems, Edward Mark,
Dates associated with a name 1852-1929.
9 (RLIN) 1245
942 ## - ADDED ENTRY ELEMENTS (KOHA)
Source of classification or shelving scheme Dewey Decimal Classification
Koha item type Reference Books
Holdings
Withdrawn status Lost status Source of classification or shelving scheme Damaged status Not for loan Home library Current Library Shelving location Date acquired Total checkouts Full call number Barcode Date last seen Copy number Price effective from Koha item type
    Dewey Decimal Classification     GRACE BIBLE COLLEGE GRACE BIBLE COLLEGE Commentary 2018-05-03   220.77 PUL 001196 2025-05-01 v.17 2018-05-03 Reference Books
    Dewey Decimal Classification     GRACE BIBLE COLLEGE GRACE BIBLE COLLEGE Commentary 2018-05-03   220.77 PUL 001197 2025-05-01 v.18 2018-05-03 Reference Books
    Dewey Decimal Classification     GRACE BIBLE COLLEGE GRACE BIBLE COLLEGE Biblical Studies 2018-05-03   220.77 PUL 001198 2025-05-01 v.17 c.2 2018-05-03 Books
    Dewey Decimal Classification     GRACE BIBLE COLLEGE GRACE BIBLE COLLEGE Commentary 2018-05-03   220.77 PUL 001199 2025-05-01 v.20 2018-05-03 Reference Books
    Dewey Decimal Classification     GRACE BIBLE COLLEGE GRACE BIBLE COLLEGE Commentary 2018-05-03   220.77 PUL 001200 2025-05-01 v.19 2018-05-03 Reference Books
    Dewey Decimal Classification     GRACE BIBLE COLLEGE GRACE BIBLE COLLEGE Commentary 2018-05-03   220.77 PUL 001195 2025-05-01 v.16 2018-05-03 Reference Books
    Dewey Decimal Classification     GRACE BIBLE COLLEGE GRACE BIBLE COLLEGE Commentary 2018-07-09   220.77 PUL 001150 2025-05-01 v.15 2018-07-09 Reference Books
© Grace Bible College Library 2025